00171nam a2200073 4500001000800000005001700008245005200025260002000077125739320260212133653.0 aCENGİZ HAN'A KÜSEN BULUTcCENGİZ AYTMATOV bKETEBE YAYINLAR